Countries With Champions League Winners - Statistics

General Stats
  • This quiz has been taken 29 times
  • The average score is 9 of 9
Answer Stats
Wins Teams Best Country % Correct
3 Paris Saint-Germain (2), Marseille (1) Paris Saint-Germain (2) France
100%
8 Bayern Munich (6), Borussia Dortmund (1), Hamburger SV (1) Bayern Munich (6) Germany
100%
12 A.C. Milan (7), Inter Milan (3), Juventus (2) A.C. Milan (7) Italy
100%
6 Ajax (4), PSV Eindhoven (1), Feyenoord (1) Ajax (4) Netherlands
100%
21 Real Madrid (15), Barcelona (6) Real Madrid (15) Spain
100%
17 Liverpool (6), Manchester United (3), Chelsea (2), Nottingham Forest (2), Manchester City (2), Aston Villa (1), Celtic (1) Liverpool (6) United Kingdom
100%
4 Porto (2), Benfica (2) Porto / Benfica (2) Portugal
93%
1 Steaua Bucuresti (1) Steaua Bucuresti (1) Romania
89%
1 Red Star Belgrade (1) Red Star Belgrade (1) Serbia
89%
No matching quizzes found
Score Distribution
Percent of People with Each Score
Percentile by Number Answered
Your Score History
You have not taken this quiz